|
|
|
|
| LEADER |
01000caa a2200265 c 4500 |
| 001 |
1332080421 |
| 003 |
DE-627 |
| 005 |
20220526130147.0 |
| 007 |
tu |
| 008 |
070223s1966 gw ||||| 00| ||ger c |
| 035 |
|
|
|a (DE-627)1332080421
|
| 035 |
|
|
|a (DE-576)262080427
|
| 035 |
|
|
|a (DE-599)BSZ262080427
|
| 040 |
|
|
|a DE-627
|b ger
|c DE-627
|e rakwb
|
| 041 |
|
|
|a ger
|
| 044 |
|
|
|c XA-DE-BW
|
| 100 |
1 |
|
|a Creel, Norman
|d 1935-
|e verfasserin
|0 (DE-588)1145363512
|0 (DE-627)1006505245
|0 (DE-576)160640016
|4 aut
|
| 245 |
1 |
4 |
|a Die Skelettreste aus dem Reihengräberfriedhof Sontheim an der Brenz
|c von Norman Creel
|
| 264 |
|
1 |
|c 1966
|
| 300 |
|
|
|a S. 73 - 103
|b Ill., graph. Darst.
|
| 336 |
|
|
|a Text
|b txt
|2 rdacontent
|
| 337 |
|
|
|a ohne Hilfsmittel zu benutzen
|b n
|2 rdamedia
|
| 338 |
|
|
|a Band
|b nc
|2 rdacarrier
|
| 773 |
0 |
8 |
|i In
|a Neuffer-Müller, Christiane, 1926 - 2010
|t Ein Reihengräberfriedhof in Sontheim an der Brenz (Kreis Heidenheim)
|d Stuttgart : Verl. Silberburg, 1966
|g (1966), 11, Seite 73-103
|h 103 S., 74 Taf.
|w (DE-627)107416038X
|w (DE-576)00416038X
|7 nnam
|
| 773 |
1 |
8 |
|g year:1966
|g number:11
|g pages:73-103
|
| 912 |
|
|
|a GBV_USEFLAG_U
|
| 912 |
|
|
|a GBV_ILN_2002
|
| 912 |
|
|
|a ISIL_DE-21-17
|
| 912 |
|
|
|a SYSFLAG_1
|
| 912 |
|
|
|a GBV_KXP
|
| 912 |
|
|
|a GBV_ILN_11
|
| 912 |
|
|
|a GBV_ILN_21
|
| 912 |
|
|
|a GBV_ILN_22
|
| 912 |
|
|
|a GBV_ILN_24
|
| 912 |
|
|
|a GBV_ILN_31
|
| 912 |
|
|
|a GBV_ILN_40
|
| 912 |
|
|
|a GBV_ILN_65
|
| 912 |
|
|
|a GBV_ILN_70
|
| 912 |
|
|
|a GBV_ILN_72
|
| 912 |
|
|
|a GBV_ILN_130
|
| 912 |
|
|
|a GBV_ILN_135
|
| 912 |
|
|
|a GBV_ILN_179
|
| 912 |
|
|
|a GBV_ILN_181
|
| 912 |
|
|
|a GBV_ILN_203
|
| 912 |
|
|
|a GBV_ILN_235
|
| 912 |
|
|
|a GBV_ILN_294
|
| 912 |
|
|
|a GBV_ILN_342
|
| 912 |
|
|
|a GBV_ILN_350
|
| 912 |
|
|
|a GBV_ILN_352
|
| 912 |
|
|
|a GBV_ILN_356
|
| 912 |
|
|
|a GBV_ILN_721
|
| 912 |
|
|
|a GBV_ILN_732
|
| 912 |
|
|
|a GBV_ILN_737
|
| 912 |
|
|
|a GBV_ILN_2001
|
| 912 |
|
|
|a GBV_ILN_2003
|
| 912 |
|
|
|a GBV_ILN_2004
|
| 912 |
|
|
|a GBV_ILN_2005
|
| 912 |
|
|
|a GBV_ILN_2007
|
| 912 |
|
|
|a GBV_ILN_2008
|
| 912 |
|
|
|a GBV_ILN_2009
|
| 912 |
|
|
|a GBV_ILN_2010
|
| 912 |
|
|
|a GBV_ILN_2011
|
| 912 |
|
|
|a GBV_ILN_2012
|
| 912 |
|
|
|a GBV_ILN_2015
|
| 912 |
|
|
|a GBV_ILN_2016
|
| 912 |
|
|
|a GBV_ILN_2018
|
| 912 |
|
|
|a GBV_ILN_2027
|
| 912 |
|
|
|a GBV_ILN_2032
|
| 912 |
|
|
|a GBV_ILN_2046
|
| 912 |
|
|
|a GBV_ILN_2142
|
| 912 |
|
|
|a GBV_ILN_2158
|
| 912 |
|
|
|a GBV_ILN_2169
|
| 912 |
|
|
|a GBV_ILN_2175
|
| 912 |
|
|
|a GBV_ILN_2177
|
| 912 |
|
|
|a GBV_ILN_2193
|
| 912 |
|
|
|a GBV_ILN_2201
|
| 912 |
|
|
|a GBV_ILN_2222
|
| 912 |
|
|
|a GBV_ILN_2249
|
| 912 |
|
|
|a GBV_ILN_2258
|
| 912 |
|
|
|a GBV_ILN_2280
|
| 912 |
|
|
|a GBV_ILN_2451
|
| 912 |
|
|
|a GBV_ILN_2467
|
| 912 |
|
|
|a GBV_ILN_2491
|
| 912 |
|
|
|a GBV_ILN_2518
|
| 912 |
|
|
|a GBV_ILN_2520
|
| 912 |
|
|
|a GBV_ILN_2589
|
| 912 |
|
|
|a GBV_ILN_2027
|
| 912 |
|
|
|a ISIL_DE-105
|
| 912 |
|
|
|a GBV_ILN_2222
|
| 912 |
|
|
|a ISIL_DE-Stg266
|
| 935 |
|
|
|c so
|
| 951 |
|
|
|a AR
|
| 952 |
|
|
|j 1966
|e 11
|h 73-103
|
| 980 |
|
|
|2 2002
|1 01
|x DE-21-17
|b 2527894763
|c 00
|f --%%--
|d Pal1/21:1
|e p
|j --%%--
|y l01
|z 23-02-07
|
| 980 |
|
|
|2 2002
|1 02
|x DE-21-17
|b 2527895395
|c 00
|f --%%--
|d Pal1/21:2
|e p
|j --%%--
|y l02
|z 23-02-07
|
| 980 |
|
|
|2 2027
|1 01
|x DE-105
|b 2750032431
|c 00
|f --%%--
|d --%%--
|e --%%--
|j --%%--
|y l01
|z 20-06-13
|
| 980 |
|
|
|2 2222
|1 01
|x DE-Stg266
|b 2978250631
|c 00
|f Restaurierung
|d C Ea LDA 1966
|e p
|j --%%--
|y l01
|z 21-08-17
|
| 982 |
|
|
|2 2002
|1 01
|x DE-21-17
|8 00
|s g
|0 (DE-627)1310561257
|a Heidenheim
|
| 982 |
|
|
|2 2002
|1 01
|x DE-21-17
|8 01
|s g
|0 (DE-627)1332080820
|a Sontheim
|
| 982 |
|
|
|2 2002
|1 01
|x DE-21-17
|8 02
|s s
|0 (DE-627)1331872308
|a Skelettfunde
|
| 982 |
|
|
|2 2002
|1 01
|x DE-21-17
|8 03
|s s
|0 (DE-627)1330841956
|a Paläoanthropologie
|
| 985 |
|
|
|2 2002
|1 01
|x DE-21-17
|a 86/07
|
| 985 |
|
|
|2 2002
|1 02
|x DE-21-17
|a 87/07
|
| 985 |
|
|
|2 2222
|1 01
|x DE-Stg266
|a 35989
|